[Event "Icelandic Team Championship 2021-22 - 1s"]
[Site "Reykjavik"]
[Date "2021.10.02"]
[Round "2.3"]
[White "Johannsson, Orn Leo"]
[Black "Baldursson, Hrannar"]
[Result "1/2-1/2"]
[WhiteElo "2213"]
[BlackElo "2111"]
[PlyCount "87"]
[EventDate "2021.10.01"]
[WhiteTeam "Taflfélag Vestmannaeyja"]
[BlackTeam "Skákdeild KR"]

1. d4 Nf6 2. Nf3 d6 3. e3 g6 4. Be2 Bg7 5. O-O O-O 6. b3 Bg4 7. Bb2 Nbd7 8. c4
c6 9. Nc3 Re8 10. h3 Bxf3 11. Bxf3 Nf8 12. Qc2 d5 13. Rad1 Rc8 14. Rfe1 e6 15.
e4 dxe4 16. Nxe4 Nxe4 17. Bxe4 Qh4 18. Bf3 Red8 19. Re4 Qf6 20. Re2 Rc7 21.
Red2 Rcd7 22. c5 Qf4 23. Qc4 g5 24. Rd3 Ng6 25. Bc1 Qf6 26. b4 Nf4 27. Bxf4
Qxf4 28. g3 Qf6 29. b5 Rxd4 30. Rxd4 Rxd4 31. Rxd4 Qxd4 32. Qxd4 Bxd4 33. bxc6
bxc6 34. Bxc6 Bxc5 35. g4 Kf8 36. Kg2 Ke7 37. Be4 h6 38. Kf3 Kd6 39. Bc2 Ke5
40. Ba4 a5 41. Be8 f5 42. Bd7 f4 43. Ke2 Kd5 44. f3 1/2-1/2

[Event "Icelandic Team Championship 2021-22 - 1s"]
[Site "Reykjavik"]
[Date "2021.10.01"]
[Round "1.2"]
[White "Jonsson, Olafur Gisli"]
[Black "Benediktsson, Frimann"]
[Result "1-0"]
[WhiteElo "1820"]
[BlackElo "1905"]
[PlyCount "95"]
[EventDate "2021.10.01"]
[WhiteTeam "Skákdeild KR"]
[BlackTeam "Víkingaklúbburinn b-sveit"]

1. d4 Nf6 2. c4 g6 3. Nc3 Bg7 4. Nf3 d6 5. Bg5 h6 6. Bh4 O-O 7. e3 c6 8. Be2
Qc7 9. O-O a6 10. Rc1 g5 11. Bg3 Nh5 12. Qc2 Nxg3 13. hxg3 Re8 14. Rfd1 e5 15.
dxe5 dxe5 16. c5 Be6 17. Nd2 Nd7 18. b4 Nf6 19. Nc4 Bxc4 20. Bxc4 Rad8 21. Qb3
Rf8 22. f3 Qe7 23. Ne2 Rfe8 24. e4 g4 25. Kf2 Rf8 26. Nc3 Nh7 27. Na4 Qf6 28.
Nb6 Qe7 29. Be2 Ng5 30. Nc4 gxf3 31. gxf3 Ne6 32. Nd6 Nd4 33. Qe3 Rd7 34. Bc4
Qf6 35. Rh1 Rfd8 36. Rh5 Rxd6 37. cxd6 Rxd6 38. Rch1 Qe7 39. g4 Rg6 40. a3 Rf6
41. R1h3 Qd6 42. g5 hxg5 43. Rxg5 Rg6 44. Rhg3 Kf8 45. Rxg6 fxg6 46. Kg2 Qf6
47. Qg5 Qxg5 48. Rxg5 1-0

[Event "Icelandic Team Championship 2021-22 - 1s"]
[Site "Reykjavik"]
[Date "2021.10.02"]
[Round "3.1"]
[White "Benediktsson, Frimann"]
[Black "Hardarson, Petur Palmi"]
[Result "0-1"]
[WhiteElo "1905"]
[BlackElo "2093"]
[PlyCount "80"]
[EventDate "2021.10.01"]
[WhiteTeam "Víkingaklúbburinn b-sveit"]
[BlackTeam "Taflfélag Reykjavíkur b-sveit"]

1. d4 Nf6 2. Nf3 g6 3. c4 Bg7 4. Nc3 O-O 5. g3 d6 6. Bg2 Nc6 7. O-O e5 8. dxe5
dxe5 9. Bg5 Be6 10. b3 h6 11. Qxd8 Rfxd8 12. Bxf6 Bxf6 13. Rad1 Bg7 14. e4 Bg4
15. h3 Bxf3 16. Bxf3 Nd4 17. Kg2 c6 18. Ne2 Ne6 19. Nc3 Kf8 20. Rxd8+ Nxd8 21.
Rd1 Ke8 22. Ne2 Ne6 23. Kf1 a5 24. Nc3 Bf8 25. Be2 Bc5 26. f3 Bd4 27. Na4 Rb8
28. Rb1 Kd7 29. Nb2 Ke7 30. Nd3 f5 31. exf5 gxf5 32. Kg2 Rg8 33. Rf1 b5 34.
cxb5 cxb5 35. Kh2 Kd6 36. Nf2 Rc8 37. Bd3 Ng7 38. Kg2 a4 39. Rd1 axb3 40. axb3
Rc3 0-1

[Event "Icelandic Team Championship 2021-22 - 1s"]
[Site "Reykjavik"]
[Date "2021.10.02"]
[Round "2.1"]
[White "Jonsson, Gauti Pall"]
[Black "Sigurdsson, Pall"]
[Result "1/2-1/2"]
[WhiteElo "2045"]
[BlackElo "1919"]
[PlyCount "127"]
[EventDate "2021.10.01"]
[WhiteTeam "Taflfélag Reykjavíkur b-sveit"]
[BlackTeam "Taflfélag Garðabæjar b-sveit"]

1. c4 d6 2. Nc3 g6 3. d4 Bg7 4. e4 Nf6 5. Be2 O-O 6. Bg5 Nc6 7. d5 Nb8 8. Qd2
Nbd7 9. h4 h5 10. Bh6 Nc5 11. f3 c6 12. Nh3 Qa5 13. Bxg7 Kxg7 14. Rd1 Qb6 15.
Nf2 a5 16. O-O a4 17. Kh2 a3 18. b3 Ncd7 19. Nd3 Qd4 20. Qe1 Qe3 21. Rd2 Ne5
22. Nd1 Nxd3 23. Rxd3 Qf4+ 24. g3 Qc1 25. Qf2 Qc2 26. Nc3 cxd5 27. cxd5 b5 28.
Qe3 b4 29. Rc1 Qb2 30. Nd1 Qe5 31. Rd4 Ba6 32. Bxa6 Rxa6 33. Nf2 Nd7 34. Nd3
Qf6 35. Nxb4 Ne5 36. Rc3 Raa8 37. Nc6 Nd7 38. f4 Rfe8 39. Rdd3 Nc5 40. Rd4 Nd7
41. e5 Qf5 42. Rd2 Nc5 43. Rc4 Rac8 44. Nd4 Qg4 45. Rdc2 Qd1 46. Qd2 Qxd2+ 47.
Rxd2 Rc7 48. Rdc2 Rb7 49. Nc6 f6 50. b4 Na4 51. Na5 Rb5 52. Rd2 Nb6 53. Rcd4
Rc8 54. exf6+ Kxf6 55. Nb3 Rc4 56. Rxc4 Nxc4 57. Rd4 Rxb4 58. Kh3 Ra4 59. Nd2
Nb6 60. Rxa4 Nxa4 61. Nc4 Nc3 62. Nxa3 Nxa2 63. Nc4 Nc3 64. Ne3 1/2-1/2

[Event "Icelandic Team Championship 2021-22 - 1s"]
[Site "Reykjavik"]
[Date "2021.10.02"]
[Round "3.1"]
[White "Jonsson, Gauti Pall"]
[Black "Jonsson, Birgir"]
[Result "1-0"]
[WhiteElo "2045"]
[BlackElo "1444"]
[PlyCount "38"]
[EventDate "2021.10.01"]
[WhiteTeam "Taflfélag Reykjavíkur b-sveit"]
[BlackTeam "Víkingaklúbburinn b-sveit"]

1. c4 g6 2. Nc3 Bg7 3. d4 Nf6 4. e4 d6 5. Be2 O-O 6. Bg5 h6 7. Be3 e5 8. d5 c5
9. dxc6 bxc6 10. Qd2 g5 11. h4 Nh7 12. hxg5 hxg5 13. Nf3 Bf6 14. O-O-O Be7 15.
Rh6 f6 16. c5 dxc5 17. Rdh1 Be6 18. Qxd8 Rxd8 19. Rxh7 Nd7 1-0

[Event "Icelandic Team Championship 2021-22 - 1s"]
[Site "Reykjavik"]
[Date "2021.10.02"]
[Round "3.3"]
[White "Haraldsson, Sigurjon"]
[Black "Thorsson, Bjarnsteinn"]
[Result "1/2-1/2"]
[WhiteElo "1841"]
[BlackElo "1638"]
[PlyCount "108"]
[EventDate "2021.10.01"]
[WhiteTeam "Skákdeild KR"]
[BlackTeam "Taflfélag Garðabæjar c-sveit"]

1. c4 Nf6 2. Nc3 g6 3. e4 Nc6 4. d4 d6 5. d5 Nb8 6. Be2 c6 7. Nf3 Bg7 8. O-O
O-O 9. h3 Nbd7 10. dxc6 bxc6 11. Qc2 Bb7 12. Be3 Qc7 13. c5 dxc5 14. Na4 Rfd8
15. Rac1 e6 16. Bg5 Ne5 17. Nxc5 Nxf3+ 18. Bxf3 Re8 19. Rfd1 Bc8 20. Bxf6 Bxf6
21. e5 Bg5 22. Ne4 Be7 23. Nd6 Rd8 24. Bxc6 Rb8 25. Bf3 Qxc2 26. Rxc2 Bb7 27.
Nxb7 Rxd1+ 28. Bxd1 Rxb7 29. f4 Kg7 30. g3 g5 31. b3 gxf4 32. gxf4 Kg6 33. Rc4
Bf8 34. Kg2 Rd7 35. Bc2+ Kg7 36. Kf3 a5 37. f5 exf5 38. Bxf5 Re7 39. Rg4+ Kh8
40. Re4 Bg7 41. e6 fxe6 42. Rxe6 Rxe6 43. Bxe6 Bf8 44. Ke4 Kg7 45. Kd5 Kf6 46.
Bg8 h6 47. Kc4 Bb4 48. Kb5 Ke7 49. Ka4 Kd6 50. a3 Bd2 51. Kb5 Kc7 52. b4 axb4
53. a4 Kb7 54. Bc4 Ka7 1/2-1/2

[Event "Icelandic Team Championship 2021-22 - 1s"]
[Site "Reykjavik"]
[Date "2021.10.02"]
[Round "2.3"]
[White "Gunnarsson, Gunnar K"]
[Black "Unnarsson, Sverrir"]
[Result "0-1"]
[WhiteElo "2007"]
[BlackElo "1923"]
[PlyCount "54"]
[EventDate "2021.10.01"]
[WhiteTeam "Skákdeild KR"]
[BlackTeam "Taflfélag Vestmannaeyja"]

1. c4 Nf6 2. Nc3 g6 3. d4 Bg7 4. e4 d6 5. Nf3 O-O 6. Be2 e5 7. d5 Nh5 8. h4 Bg4
9. g3 Na6 10. Nh2 Bxe2 11. Qxe2 f5 12. exf5 Rxf5 13. Be3 Nc5 14. O-O-O Qf8 15.
Rd2 Bh6 16. Ng4 Bxe3 17. Qxe3 Rf3 18. Qe2 e4 19. Kb1 Re8 20. Rd4 e3 21. Nxe3
Rxf2 22. Qe1 Qf3 23. Ncd1 Re2 24. Qf1 R2xe3 25. Nxe3 Qxe3 26. Qd1 Nxg3 27. Rh3
Qf2 0-1

[Event "Icelandic Team Championship 2021-22 - 1s"]
[Site "Reykjavik"]
[Date "2021.10.02"]
[Round "2.1"]
[White "Thorsteinsdottir, Gudlaug"]
[Black "Hardarson, Petur Palmi"]
[Result "1/2-1/2"]
[WhiteElo "1978"]
[BlackElo "2093"]
[PlyCount "129"]
[EventDate "2021.10.01"]
[WhiteTeam "Taflfélag Garðabæjar b-sveit"]
[BlackTeam "Taflfélag Reykjavíkur b-sveit"]

1. d4 Nf6 2. c4 g6 3. Nc3 Bg7 4. e4 d6 5. Nf3 O-O 6. h3 e5 7. d5 a5 8. Bg5 Na6
9. Be2 Nc5 10. Nd2 c6 11. O-O h6 12. Be3 Na6 13. dxc6 bxc6 14. Na4 c5 15. f4
exf4 16. Bxf4 Re8 17. Nc3 Nc7 18. Bh2 Bb7 19. Bf3 Ne6 20. Nb5 Ra6 21. e5 Bxf3
22. Nxf3 dxe5 23. Bxe5 Qb6 24. Qc2 Raa8 25. Rad1 Rad8 26. a4 Rxd1 27. Rxd1 Rd8
28. Rxd8+ Qxd8 29. Bc3 Nd7 30. Qd2 Bxc3 31. Nxc3 Nb6 32. b3 Qxd2 33. Nxd2 Kf8
34. Kf2 Ke7 35. Nb5 f5 36. Ke3 Nd7 37. Nb1 g5 38. N1c3 Ne5 39. Nd5+ Kf7 40.
Nd6+ Kg6 41. Ne7+ Kf6 42. Nexf5 h5 43. Ng3 Kg6 44. Nb7 Nc6 45. Ne4 Nf4 46. Kf2
Kf5 47. Nexc5 Ke5 48. Nd7+ Kd4 49. h4 gxh4 50. Kf3 Ng6 51. Nf6 Kc3 52. Nc5 Kb4
53. Nfd7 Nd4+ 54. Ke4 Nxb3 55. Nxb3 Kxb3 56. c5 Kxa4 57. c6 Kb5 58. c7 Ne7 59.
Ne5 Kb6 60. Nc4+ Kxc7 61. Nxa5 Kd6 62. Kf4 Nd5+ 63. Kg5 Ne3 64. Kxh4 Nxg2+ 65.
Kxh5 1/2-1/2

[Event "Icelandic Team Championship 2021-22 - 1s"]
[Site "Reykjavik"]
[Date "2021.10.03"]
[Round "4.2"]
[White "Thorsteinsdottir, Gudlaug"]
[Black "Baldursson, Hrannar"]
[Result "1-0"]
[WhiteElo "1978"]
[BlackElo "2111"]
[PlyCount "33"]
[EventDate "2021.10.01"]
[WhiteTeam "Taflfélag Garðabæjar b-sveit"]
[BlackTeam "Skákdeild KR"]

1. d4 d6 2. Nf3 Nf6 3. c4 g6 4. Nc3 Bg7 5. e4 O-O 6. h3 c6 7. Be2 e5 8. O-O
exd4 9. Nxd4 Re8 10. Bf3 Nbd7 11. Be3 Nc5 12. Qc2 Nfxe4 13. Bxe4 Nxe4 14. Nxe4
Qh4 15. Nxd6 Rxe3 16. fxe3 Qg3 17. Qf2 1-0